000 00753nam a2200253 a 4500
001 600
003 BD-RjUL
005 20211208233214.0
008 690822s1969 ilu b 001 0 eng
035 _a(BD-RjUL)618
040 _aDLC
_cDLC
_dDLC
_dBD-RjUL
_beng
041 _aeng
082 0 0 _a907.2
_bBRR 1969
100 1 _aBrooks, Philip Coolidge,
_d1906-1977.
_91835
245 1 0 _aResearch in archives;
_bthe use of unpublished primary sources
_c[by] Philip C. Brooks.
260 _aChicago,
_bUniversity of Chicago Press
_cc1969.
300 _axi, 127 p. ;
_c22 cm.
504 _aBibliography: p. 115-119.
650 0 _aHistory
_xResearch.
_91836
650 0 _aArchives.
_91837
942 _2ddc
_cBK
999 _c600
_d600